|
|
|
|
| LEADER |
00614nta a2200169 i 4500 |
| 001 |
dipl114276 |
| 005 |
20210517062612.0 |
| 008 |
210430s2000 hu om 0|| zxx d |
| 040 |
|
|
|a SZTE Diploma Repozitórium
|b hun
|
| 041 |
|
|
|a zxx
|
| 100 |
1 |
|
|a Rátgéber Szilvia
|
| 245 |
1 |
2 |
|a A Hesseni hegyvidék természetföldrajzi jellemzése
|h [elektronikus dokumentum] /
|c Szilvia Rátgéber
|
| 260 |
|
|
|c 2000
|
| 650 |
|
4 |
|a Természettudományok
|
| 650 |
|
4 |
|a Physical geography
|
| 700 |
2 |
|
|a Ringlerné Szentpéteri Mária
|e ths
|
| 856 |
4 |
0 |
|u http://diploma.bibl.u-szeged.hu/id/eprint/114276/1/2000_ratgeber_szilvia.pdf
|z Dokumentum-elérés
|